Value education / (Record no. 76694)
[ view plain ]
| 000 -LEADER | |
|---|---|
| fixed length control field | 00555nam a22001817a 4500 |
| 005 - DATE AND TIME OF LATEST TRANSACTION | |
| control field | 20130617124517.0 |
| 010 ## - LCCN (DPL NO) | |
| LC control number | ENG-107618 |
| 020 ## - INTERNATIONAL STANDARD BOOK NUMBER | |
| International Standard Book Number | 9789381539026 |
| Terms of availability | 200.00 |
| 035 ## - SYSTEM CONTROL NUMBER | |
| System control number | EN-91151 |
| 037 ## - SOURCE OF ACQUISITION | |
| Source of stock number/acquisition | DBAD/PUB |
| 100 ## - MAIN ENTRY--PERSONAL NAME | |
| Personal name | Vijai, Shivapuri |
| 245 ## - TITLE STATEMENT | |
| Title | Value education / |
| Statement of responsibility, etc | by Vijai Shivapuri |
| 260 ## - PUBLICATION, DISTRIBUTION, ETC. (IMPRINT) | |
| Place of publication, distribution, etc | Varanasi |
| Name of publisher, distributor, etc | Manish Prakashan |
| Date of publication, distribution, etc | 2011 |
| 270 ## - ADDRESS | |
| City | Varanasi |
| Postal code | 221005 |
| Address | Plot No.- 26, Rohini Nagar Colony B.H.U., Varanasi-221005 |
| Telephone number | 0542-2310682 |
| 300 ## - PHYSICAL DESCRIPTION | |
| Extent | x,96p. |
| Dimensions | 22cm(Hb) |
| 500 ## - GENERAL NOTE | |
| General note | Includes bibliographical references |
| 942 ## - ADDED ENTRY ELEMENTS (KOHA) | |
| Source of classification or shelving scheme | Dewey Decimal Classification |
| Item type | English Books |
| Call number suffix | VIJ |
| Withdrawn status | Lost status | Not for loan | Collection code | Home library | Current library | Date acquired | Source of acquisition | Cost, normal purchase price | Full call number | Barcode | Copy number | Cost, replacement price | Koha item type |
|---|---|---|---|---|---|---|---|---|---|---|---|---|---|
| Not For Loan | Non-fiction | D.B.Act.Division | D.B.Act.Division | 17/06/2013 | DBAD/PUB | 200.00 | VIJ | EN-91151 | 1 | 200.00 | English Books |
